000 00979nam a22003017a 4500
001 6054
003 FISKH
005 20250310091532.0
008 250303b cb ||||| |||| 00| 0 eng d
020 _a9780590446525
040 _aFISKH
_beng
_cFISKH
_dFISKH
050 _aHV1624.M3
082 _a371.911092
100 _aDavidson, Margaret
_d (1936–)
245 _aHelen Keller's teacher /
_cMargaret Davidson ; Interior illustrations by Wayne Blickenstaff
250 _aThis edition first published in 1965
260 _aNew York :
_bScholastic,
_c1965
300 _a153 pages :
_billustrations ;
_c20 cm
505 _aN
520 _aA brief biography of Helen Keller's teacher describing her childhood and life with her famous pupil.
521 8 _a590
_bLexile
521 8 _aN
_bRaz-Plus
650 _2Deaf-blind
_aAnnie Sullivan
650 _2Sign language
_aDeaf
700 _aBlickenstaff, Wayne
_dillustrator
942 _2ddc
_cBK
_n0
999 _c6054
_d6054